Odhad parametrov produkčnej funkcie diplomová práca

Salvato in:
Dettagli Bibliografici
Autore principale: Sládečková, Kristína
Ente Autore: Fakulta hospodárskej informatiky EU. Katedra operačného výskumu a ekonometrie
Altri autori: Szomolányi, Karol, 1976-
Natura: Libro
Lingua:slovacco
Pubblicazione: Bratislava 2016
Tags: Aggiungi Tag
Nessun Tag, puoi essere il primo ad aggiungerne!!

MARC

LEADER 00000nbm a2200000 4500
001 0216833
005 20170215095147.0
041 0 |a slo 
044 |a SK 
245 1 0 |a Odhad parametrov produkčnej funkcie  |b diplomová práca  |c Kristína Sládečková ; školiteľ: Karol Szomolányi 
264 1 |a Bratislava  |c 2016 
300 |a 58 s. 
100 1 |a Sládečková, Kristína 
700 1 |a Szomolányi, Karol, 1976- 
710 2 |a Fakulta hospodárskej informatiky EU. Katedra operačného výskumu a ekonometrie